[Event "Saint-Lô Open Yves Coquereau"]
[Site "?"]
[Date "2014.07.07"]
[Round "3.8"]
[White "Plaut, Florian"]
[Black "Miron, Lucian-Costin"]
[Result "0-1"]
[WhiteElo "1662"]
[BlackElo "2509"]
[PlyCount "110"]
[EventDate "2014.07.05"]
[SourceDate "2014.07.06"]

1. e4 e5 2. Nf3 Nc6 3. Nc3 Nf6 4. Bb5 Bd6 5. O-O O-O 6. Re1 Re8 7. d3 a6 8. Ba4
h6 9. h3 Bc5 10. Be3 Bxe3 11. Rxe3 Nd4 12. Ne2 Nxf3+ 13. Rxf3 c6 14. Ng3 d5 15.
Bb3 a5 16. a4 Be6 17. Qe2 d4 18. Ra3 b5 19. Bxe6 Rxe6 20. Nf5 Nh5 21. Qd2 Qg5
22. Qxg5 hxg5 23. Kf1 Rb8 24. b3 c5 25. axb5 Rxb5 26. Ng3 Nf4 27. Ne2 Ng6 28.
g4 Ra6 29. Ke1 a4 30. Rxa4 Rxa4 31. bxa4 Ra5 32. c4 Rxa4 33. Rg3 Ra1+ 34. Kd2
Rf1 35. f3 Nf4 36. Nxf4 gxf4 37. Ke2 Rh1 38. Rg2 Rxh3 39. Rf2 Kf8 40. Kd2 Ke7
41. Ke2 Kd6 42. Kd2 Kd7 43. Kc2 Rh1 44. Kd2 Ra1 45. Re2 Kc7 46. Kc2 Ra2+ 47.
Kd1 Rxe2 48. Kxe2 Kb6 49. Kd2 Ka5 50. Kc2 Kb4 51. Kb2 g5 52. Kc2 Ka3 53. Kd2
Kb2 54. Kd1 Kc3 55. Ke2 Kc2 0-1

[Event "Saint-Lô Open Yves Coquereau"]
[Site "?"]
[Date "2014.07.07"]
[Round "3.9"]
[White "Sieciechowicz, Marcin"]
[Black "Monpeurt, Cyrielle"]
[Result "1-0"]
[WhiteElo "2438"]
[BlackElo "2045"]
[PlyCount "65"]
[EventDate "2014.07.05"]
[SourceDate "2014.07.06"]

1. d4 Nf6 2. c4 c5 3. d5 e6 4. Nc3 exd5 5. cxd5 d6 6. e4 g6 7. f4 Bg7 8. Bb5+
Nfd7 9. a4 O-O 10. Nf3 Na6 11. O-O Nb4 12. Kh1 a6 13. Bxd7 Bxd7 14. f5 Qc7 15.
Bg5 b5 16. f6 Bh8 17. e5 Bg4 18. Ne4 dxe5 19. Rc1 c4 20. Qd2 a5 21. d6 Qc6 22.
Nxe5 Qxe4 23. Rfe1 Qd5 24. Nxg4 h5 25. Qxd5 Nxd5 26. Re5 hxg4 27. Rxd5 bxa4 28.
d7 Rab8 29. Kg1 Rfd8 30. Re1 Kh7 31. Re7 Rb6 32. Rxf7+ Kg8 33. Re7 1-0

[Event "Saint-Lô Open Yves Coquereau"]
[Site "?"]
[Date "2014.07.07"]
[Round "3.10"]
[White "Perrot, Pierre"]
[Black "Gagarin, Vasilij"]
[Result "0-1"]
[WhiteElo "1960"]
[BlackElo "2312"]
[PlyCount "66"]
[EventDate "2014.07.05"]
[SourceDate "2014.07.06"]

1. c4 e5 2. Nc3 d6 3. Nf3 f5 4. d3 Nf6 5. g3 g6 6. Bg2 Bg7 7. O-O O-O 8. e3 Kh8
9. d4 e4 10. Ne1 Be6 11. b3 c6 12. Bb2 Bf7 13. d5 c5 14. Ne2 Qe7 15. a3 Nbd7
16. Ra2 Ne5 17. h3 b5 18. Bxe5 Qxe5 19. Qd2 bxc4 20. bxc4 Rab8 21. Qa5 Rb7 22.
Nc3 Nd7 23. Nb5 Ra8 24. f4 exf3 25. Rxf3 Qe7 26. Nd3 Nb6 27. Nb2 Kg8 28. Nc3
Rab8 29. Nca4 Nxd5 30. Qd2 Nf6 31. Rf1 Ne4 32. Bxe4 Qxe4 33. Rf4 Qb1+ 0-1

[Event "Saint-Lô Open Yves Coquereau"]
[Site "?"]
[Date "2014.07.08"]
[Round "4.1"]
[White "Tsyhanckuk, Stanislav"]
[Black "Kassani, Sam"]
[Result "1-0"]
[WhiteElo "2382"]
[BlackElo "2112"]
[PlyCount "87"]
[EventDate "2014.07.05"]
[SourceDate "2014.07.06"]

1. e4 c6 2. d4 d5 3. Nc3 dxe4 4. Nxe4 Bf5 5. Qf3 Bxe4 6. Qxe4 Nf6 7. Qh4 e6 8.
Bd3 Nbd7 9. Nf3 Qa5+ 10. Bd2 Bb4 11. c3 Be7 12. O-O h6 13. Rfe1 O-O-O 14. Qg3
g5 15. Ne5 Nxe5 16. Rxe5 Qc7 17. Qf3 Bd6 18. Re2 Qe7 19. g3 Bc7 20. b4 g4 21.
Qg2 h5 22. Bg5 Rd5 23. Bh4 Bd8 24. Bc4 Rf5 25. Rae1 Kb8 26. Re5 Rf3 27. R5e3
Rf5 28. f4 Qd7 29. Bd3 Rd5 30. f5 exf5 31. Bg5 Ne4 32. Bf4+ Bc7 33. Bxc7+ Qxc7
34. Bxe4 fxe4 35. Rxe4 Rhd8 36. Qf2 f5 37. Re7 Qc8 38. Qf4+ Ka8 39. Rc7 Qb8 40.
Ree7 a5 41. a3 axb4 42. axb4 Rb5 43. Re1 Qa7 44. Rf7 1-0

[Event "Saint-Lô Open Yves Coquereau"]
[Site "?"]
[Date "2014.07.08"]
[Round "4.2"]
[White "Bizovi, Mihai"]
[Black "Poley, Vladimir"]
[Result "0-1"]
[WhiteElo "2157"]
[BlackElo "2279"]
[PlyCount "80"]
[EventDate "2014.07.05"]
[SourceDate "2014.07.06"]

1. d4 g6 2. c4 Bg7 3. e4 d6 4. Nc3 Nd7 5. Bg5 f6 6. Be3 e5 7. Nf3 Nh6 8. c5
exd4 9. Nxd4 Nxc5 10. b4 Ne6 11. Bb5+ Kf8 12. Bc4 Nxd4 13. Bxd4 c6 14. O-O Qe7
15. b5 Nf7 16. bxc6 bxc6 17. Rb1 Nd8 18. Re1 Be6 19. Nd5 Qf7 20. Qa4 cxd5 21.
exd5 Bf5 22. Rb2 Kg8 23. Rbe2 Bf8 24. Qa6 h5 25. Re8 Bd7 26. R8e6 Bxe6 27. dxe6
Qe7 28. Bxf6 Qxf6 29. e7+ Nf7 30. e8=Q Rxe8 31. Rxe8 Kg7 32. Re6 Qa1+ 33. Bf1
Qd4 34. h4 Ne5 35. Qc8 Ng4 36. Qc7+ Kh6 37. Qc1+ Kh7 38. Qc7+ Bg7 39. Qf7 Ne5
40. Qe7 Rf8 0-1

[Event "Saint-Lô Open Yves Coquereau"]
[Site "?"]
[Date "2014.07.08"]
[Round "4.3"]
[White "Gagarin, Vasilij"]
[Black "Van Wiele, Kurt"]
[Result "1-0"]
[WhiteElo "2312"]
[BlackElo "1886"]
[PlyCount "97"]
[EventDate "2014.07.05"]
[SourceDate "2014.07.06"]

1. d4 Nf6 2. Nf3 e6 3. c4 c5 4. e3 Be7 5. Nc3 O-O 6. Bd3 d5 7. b3 Nc6 8. O-O b6
9. Bb2 Bb7 10. Qe2 Re8 11. Rfd1 Bf8 12. Rac1 Ne7 13. dxc5 bxc5 14. Na4 Ng6 15.
cxd5 exd5 16. Nxc5 Bxc5 17. Rxc5 Nf4 18. Qf1 Nxd3 19. Qxd3 Ne4 20. Qd4 f6 21.
Rc2 Qd7 22. Rdc1 Rec8 23. Qd3 a5 24. Nd4 Ba6 25. Rxc8+ Bxc8 26. Qb5 Qxb5 27.
Nxb5 a4 28. f3 Ng5 29. Nc7 Rb8 30. Nxd5 Be6 31. Ne7+ Kf8 32. Ba3 Ke8 33. bxa4
Bxa2 34. Rc8+ Rxc8 35. Nxc8 Nf7 36. Ne7 Kd7 37. Nf5 g6 38. Nd4 Ne5 39. Kf2 Bc4
40. e4 Ba6 41. f4 Nc4 42. Nb3 Kc6 43. Be7 Nd6 44. Bxd6 Kxd6 45. Ke3 Bf1 46. g3
Bc4 47. Nd2 Ba6 48. Kd4 Be2 49. Nc4+ 1-0

[Event "Saint-Lô Open Yves Coquereau"]
[Site "?"]
[Date "2014.07.08"]
[Round "4.4"]
[White "Miron, Lucian-Costin"]
[Black "Lepigoché, Cyril"]
[Result "1-0"]
[WhiteElo "2509"]
[BlackElo "2110"]
[PlyCount "67"]
[EventDate "2014.07.05"]
[SourceDate "2014.07.06"]

1. d4 d5 2. c4 c6 3. Nf3 Nf6 4. Nbd2 g6 5. g3 Bg7 6. Bg2 O-O 7. O-O Nbd7 8. b3
a5 9. Bb2 a4 10. Qc2 Qa5 11. Bc3 Qa6 12. e4 Nxe4 13. Nxe4 dxe4 14. Qxe4 Re8 15.
Rfe1 Qb6 16. b4 Nf6 17. Qe2 Bg4 18. h3 Bxf3 19. Bxf3 Nd7 20. Qb2 e5 21. c5 Qb5
22. d5 cxd5 23. Bxd5 Rac8 24. Rad1 Re7 25. Bg2 Kf8 26. Rd6 Nb8 27. Rb6 Qd3 28.
Rxb7 Re6 29. b5 Nd7 30. c6 Nb8 31. Be4 Qd8 32. Qd2 Bf6 33. Qxd8+ Bxd8 34. Bd5
1-0

[Event "Saint-Lô Open Yves Coquereau"]
[Site "?"]
[Date "2014.07.08"]
[Round "4.5"]
[White "Ronce, Nathan"]
[Black "Sieciechowicz, Marcin"]
[Result "0-1"]
[WhiteElo "2008"]
[BlackElo "2438"]
[PlyCount "67"]
[EventDate "2014.07.05"]
[SourceDate "2014.07.06"]

1. c4 Nf6 2. g3 g6 3. Bg2 d5 4. cxd5 Nxd5 5. Nc3 Nb6 6. d3 Bg7 7. Be3 Nc6 8.
Rc1 Nd4 9. Qd2 Nf5 10. Bc5 O-O 11. Nf3 c6 12. O-O Nd7 13. Ba3 b6 14. Rfd1 Bb7
15. d4 Rc8 16. Qe1 Nd6 17. b3 c5 18. e4 Qe8 19. Bh3 f5 20. d5 fxe4 21. Be6+ Kh8
22. Ng5 Bd4 23. Ngxe4 Nxe4 24. Nxe4 Rd8 25. Rxd4 cxd4 26. Bb2 Nf6 27. Bxd4 Bxd5
28. Ng5 h6 29. Bxd5 hxg5 30. Bc6 Qf7 31. Be5 Kh7 32. h3 Qe6 33. Kh2 Rc8 34. Rc4
0-1

[Event "Saint-Lô Open Yves Coquereau"]
[Site "?"]
[Date "2014.07.08"]
[Round "4.6"]
[White "Leconte, Maria"]
[Black "Fruchard, Cyrielle"]
[Result "1-0"]
[WhiteElo "2221"]
[BlackElo "2006"]
[PlyCount "61"]
[EventDate "2014.07.05"]
[SourceDate "2014.07.06"]

1. d4 Nf6 2. c4 g6 3. Nc3 Bg7 4. e4 d6 5. Be2 O-O 6. Nf3 Nbd7 7. Bg5 e5 8. d5
Nc5 9. b4 Na6 10. Rb1 Bg4 11. h3 Bxf3 12. Bxf3 Qd7 13. O-O Ne8 14. Bc1 f5 15.
Ba3 b6 16. Qd3 Rc8 17. c5 Nb8 18. c6 Qe7 19. b5 f4 20. Bg4 Rd8 21. Rb4 h5 22.
Be6+ Kh8 23. f3 Bf6 24. Ra4 Bh4 25. Rxa7 g5 26. Bb4 Nf6 27. Ne2 Qg7 28. Be1
Bxe1 29. Rxe1 Rg8 30. Rf1 Rde8 31. Rf2 1-0

[Event "Saint-Lô Open Yves Coquereau"]
[Site "?"]
[Date "2014.07.08"]
[Round "4.7"]
[White "Wolak, Jacek"]
[Black "Smith, Matthieu"]
[Result "1/2-1/2"]
[WhiteElo "2001"]
[BlackElo "2159"]
[PlyCount "91"]
[EventDate "2014.07.05"]
[SourceDate "2014.07.06"]

1. d4 Nf6 2. Nf3 e6 3. c4 b6 4. g3 Bb7 5. Bg2 Be7 6. O-O O-O 7. b3 d6 8. Bb2
Nbd7 9. Nbd2 c5 10. Qc2 cxd4 11. Bxd4 d5 12. Rac1 Rc8 13. Qb2 Bc5 14. Ne5 Bxd4
15. Qxd4 Nxe5 16. Qxe5 Qe7 17. cxd5 Bxd5 18. e4 Bb7 19. Nc4 Rfd8 20. Rfd1 h6
21. Ne3 Rxd1+ 22. Rxd1 Qa3 23. h3 Qxa2 24. b4 Qa3 25. Qd4 Qc3 26. e5 Qxd4 27.
Rxd4 Rc1+ 28. Kh2 Bxg2 29. Kxg2 Nd5 30. Nxd5 exd5 31. Rxd5 Kf8 32. Rd7 Rb1 33.
Rxa7 Rxb4 34. Rb7 h5 35. h4 Rb5 36. Kf3 Rb2 37. Ke3 b5 38. f3 b4 39. Kf4 Rb3
40. Ke4 Rb1 41. Kf5 Rg1 42. Rxb4 Rxg3 43. Rb8+ Ke7 44. Rb7+ Ke8 45. Rb8+ Ke7
46. Rb7+ 1/2-1/2

[Event "Saint-Lô Open Yves Coquereau"]
[Site "?"]
[Date "2014.07.08"]
[Round "4.8"]
[White "Nuta, Dan"]
[Black "Martinet, Regis"]
[Result "1/2-1/2"]
[WhiteElo "2150"]
[BlackElo "2076"]
[PlyCount "79"]
[EventDate "2014.07.05"]
[SourceDate "2014.07.06"]

1. e4 c5 2. Nc3 Nc6 3. f4 g6 4. Nf3 Bg7 5. Bb5 e6 6. Bxc6 bxc6 7. e5 f5 8. d3
Ba6 9. b3 Ne7 10. O-O Nd5 11. Na4 Bf8 12. c4 Nb6 13. Nc3 Be7 14. Qe2 Kf7 15.
Ba3 Rb8 16. Rfe1 Qf8 17. Qf2 h6 18. Rad1 Bc8 19. Kh1 Ke8 20. d4 cxd4 21. Bxe7
Qxe7 22. Rxd4 g5 23. Qg3 g4 24. Nh4 Rg8 25. Rd6 c5 26. Nb5 Kf7 27. Nxa7 Ra8 28.
Nxc8 Nxc8 29. Rd2 Ra3 30. Red1 Nb6 31. Qf2 Rga8 32. g3 Qd8 33. Kg1 Qc7 34. Re1
R8a5 35. Ree2 Nc8 36. Qf1 Qa7 37. Qb1 Ne7 38. Kf1 Qa8 39. Kg1 Ke8 40. Qd3
1/2-1/2

[Event "Saint-Lô Open Yves Coquereau"]
[Site "?"]
[Date "2014.07.08"]
[Round "4.9"]
[White "Ostapchik, Anton"]
[Black "Bourdonnais, Loic"]
[Result "0-1"]
[WhiteElo "1916"]
[BlackElo "2222"]
[PlyCount "38"]
[EventDate "2014.07.05"]
[SourceDate "2014.07.06"]

1. d4 d5 2. c4 e5 3. dxe5 d4 4. Nf3 Nc6 5. Bf4 Nge7 6. g3 Ng6 7. Bg2 Be6 8.
Nbd2 Qd7 9. a3 a5 10. Qb3 Be7 11. Qxb7 O-O 12. Ng5 Ncxe5 13. Nxe6 Qxe6 14. Bxe5
Nxe5 15. O-O Rab8 16. Qxc7 Rxb2 17. Bh3 Bd6 18. Rfb1 Bxc7 19. Bxe6 Rxd2 0-1

[Event "Saint-Lô Open Yves Coquereau"]
[Site "?"]
[Date "2014.07.08"]
[Round "4.10"]
[White "Mauffray, Huhues"]
[Black "Bakalarz, Mietek"]
[Result "0-1"]
[WhiteElo "1929"]
[BlackElo "2329"]
[PlyCount "40"]
[EventDate "2014.07.05"]
[SourceDate "2014.07.06"]

1. e4 e5 2. Nf3 Nf6 3. Nxe5 d6 4. Nf3 Nxe4 5. Nc3 Nxc3 6. dxc3 Be7 7. Bf4 O-O
8. Qd2 Qe8 9. O-O-O Qa4 10. Kb1 Nc6 11. Nd4 Nxd4 12. Qxd4 Qa5 13. Bc4 Be6 14.
Rhe1 d5 15. Bxd5 Rad8 16. b4 Qb5 17. a4 Qxa4 18. Qe4 Bf6 19. Be5 Bxe5 20. Qxe5
Bxd5 0-1

[Event "Saint-Lô Open Yves Coquereau"]
[Site "?"]
[Date "2014.07.09"]
[Round "5.1"]
[White "Poley, Vladimir"]
[Black "Tshyhanchuk, Stanislav"]
[Result "1/2-1/2"]
[WhiteElo "2279"]
[BlackElo "2382"]
[PlyCount "29"]
[EventDate "2014.07.05"]
[SourceDate "2014.07.06"]

1. e4 e5 2. Nf3 Nc6 3. Bb5 a6 4. Ba4 Nf6 5. O-O b5 6. Bb3 Be7 7. Re1 d6 8. c3
O-O 9. h3 Re8 10. d4 Bf8 11. Ng5 Re7 12. Nf3 Re8 13. Ng5 Re7 14. Nf3 Re8 15.
Ng5 1/2-1/2

[Event "Saint-Lô Open Yves Coquereau"]
[Site "?"]
[Date "2014.07.09"]
[Round "5.2"]
[White "Gagarin, Vasilij"]
[Black "Miron, Lucian-Costin"]
[Result "0-1"]
[WhiteElo "2312"]
[BlackElo "2509"]
[PlyCount "72"]
[EventDate "2014.07.05"]
[SourceDate "2014.07.06"]

1. d4 Nf6 2. c4 g6 3. Nf3 Bg7 4. g3 O-O 5. Bg2 d6 6. O-O Nbd7 7. Nc3 e5 8. e4
Re8 9. h3 exd4 10. Nxd4 a6 11. Re1 Rb8 12. Bg5 h6 13. Bf4 Ne5 14. b3 c5 15. Nf3
Nfd7 16. Rc1 Nxf3+ 17. Bxf3 Ne5 18. Bg2 b5 19. Nd5 Be6 20. Re2 bxc4 21. bxc4
Kh8 22. Ne3 Qd7 23. g4 Rb6 24. Rd2 h5 25. f3 f5 26. exf5 gxf5 27. gxf5 Bxf5 28.
Nd5 Rbb8 29. Bxe5 Rxe5 30. Nf4 Rbe8 31. Nd5 Bxh3 32. f4 Bg4 33. Qf1 Re2 34.
Rxe2 Rxe2 35. Bf3 Bd4+ 36. Kh1 Rf2 0-1

[Event "Saint-Lô Open Yves Coquereau"]
[Site "?"]
[Date "2014.07.09"]
[Round "5.3"]
[White "Sieciechowicz, Marcin"]
[Black "Leconte, Maria"]
[Result "1-0"]
[WhiteElo "2438"]
[BlackElo "2221"]
[PlyCount "101"]
[EventDate "2014.07.05"]
[SourceDate "2014.07.06"]

1. d4 Nf6 2. c4 e6 3. Nf3 Bb4+ 4. Bd2 a5 5. Nc3 b6 6. e3 d5 7. Bd3 O-O 8. O-O
Nbd7 9. cxd5 exd5 10. Rc1 c5 11. a3 Bxc3 12. Bxc3 Re8 13. dxc5 Nxc5 14. Bb5 Bd7
15. Bxf6 gxf6 16. Bxd7 Qxd7 17. Nd4 Re5 18. Qf3 Kg7 19. Rfd1 a4 20. Ne2 Qf5 21.
Qxf5 Rxf5 22. Nd4 Re5 23. Nf3 Rf5 24. Rd4 Rd8 25. Rcd1 h5 26. h3 Kf8 27. e4 Rf4
28. exd5 Rxd4 29. Rxd4 Ke7 30. Nh4 Kd6 31. Rf4 Nd7 32. Rxa4 Kxd5 33. Nf5 Ke5
34. Ne3 Rc8 35. Rh4 Rc1+ 36. Kh2 Nc5 37. Rxh5+ Ke6 38. b4 Ne4 39. Rb5 Nxf2 40.
Rxb6+ Kd7 41. a4 Re1 42. Ng4 Kc7 43. a5 Rh1+ 44. Kg3 Ne4+ 45. Kf4 Nd6 46. Ne3
Re1 47. Nd5+ Kd7 48. Nxf6+ Ke7 49. Nd5+ Ke6 50. Ne3 Kd7 51. h4 1-0

[Event "Saint-Lô Open Yves Coquereau"]
[Site "?"]
[Date "2014.07.09"]
[Round "5.4"]
[White "Bakalartz, Mietek"]
[Black "Marimoutou, Loic"]
[Result "1-0"]
[WhiteElo "2329"]
[BlackElo "2081"]
[PlyCount "123"]
[EventDate "2014.07.05"]
[SourceDate "2014.07.06"]

1. e4 e5 2. Nf3 Nc6 3. d4 exd4 4. Nxd4 Nf6 5. Nc3 Bb4 6. Nxc6 bxc6 7. Bd3 d5 8.
exd5 cxd5 9. O-O O-O 10. Bg5 c6 11. Na4 Bd6 12. c4 Be6 13. cxd5 cxd5 14. Rc1 h6
15. Bh4 Rb8 16. Rc6 Be7 17. Qc2 Rb4 18. Bg3 Ne4 19. Be5 Qa8 20. b3 Re8 21. a3
Rb7 22. f3 Bd7 23. fxe4 Bxc6 24. Qxc6 Rxb3 25. Bb5 Rxb5 26. Qxb5 Bxa3 27. Ba1
Rxe4 28. Nc3 Rc4 29. Qd7 Qf8 30. Nxd5 Rc1 31. Rxc1 Bxc1 32. Ne7+ Kh8 33. Qxa7
Bg5 34. Nc6 Kh7 35. Qd4 Kh8 36. Qb4 Be3+ 37. Kf1 Qxb4 38. Nxb4 Bf4 39. h3 Kh7
40. Nd3 Bd6 41. Be5 Be7 42. Ke2 Ba3 43. Kf3 Be7 44. Ke4 Ba3 45. Bb2 Be7 46. Ne5
Kg8 47. Kf5 Bb4 48. Bd4 Ba3 49. Ke4 Bb4 50. Kd5 Be7 51. Kc6 Ba3 52. Kd7 Kf8 53.
Nd3 f6 54. Ke6 Kg8 55. Bc5 Bxc5 56. Nxc5 Kh7 57. Kf5 h5 58. h4 Kh6 59. Ne4 Kh7
60. Nxf6+ Kh6 61. Ng8+ Kh7 62. Ne7 1-0

[Event "Saint-Lô Open Yves Coquereau"]
[Site "?"]
[Date "2014.07.09"]
[Round "5.5"]
[White "Martinet, Regis"]
[Black "Vavric, Pavel"]
[Result "1/2-1/2"]
[WhiteElo "2076"]
[BlackElo "2235"]
[PlyCount "51"]
[EventDate "2014.07.05"]
[SourceDate "2014.07.06"]

1. d4 g6 2. e4 Bg7 3. Nc3 d6 4. Bg5 c6 5. f4 Qb6 6. Nf3 Qxb2 7. Na4 Qa3 8. c4
c5 9. Qb3 Qxb3 10. axb3 Na6 11. Rd1 f6 12. Bh4 Nh6 13. Bd3 Bg4 14. Bf2 Bd7 15.
Nc3 O-O 16. h3 Rfd8 17. O-O cxd4 18. Bxd4 Nc5 19. Bc2 f5 20. e5 Ne6 21. Be3 Nf7
22. Nd5 dxe5 23. fxe5 Nxe5 24. Nxe7+ Kf7 25. Nxe5+ Bxe5 26. Nxf5 1/2-1/2

[Event "Saint-Lô Open Yves Coquereau"]
[Site "?"]
[Date "2014.07.09"]
[Round "5.6"]
[White "Bourdonnais, Loic"]
[Black "Gallon, Willy"]
[Result "1-0"]
[WhiteElo "2222"]
[BlackElo "2052"]
[PlyCount "123"]
[EventDate "2014.07.05"]
[SourceDate "2014.07.06"]

1. c4 e5 2. g3 Nf6 3. Bg2 Bc5 4. Nc3 a6 5. Nf3 Nc6 6. O-O d6 7. d3 Be6 8. Bg5
h6 9. Bxf6 Qxf6 10. Ne4 Qe7 11. Nxc5 dxc5 12. Nd2 Bd7 13. Nb1 O-O 14. Nc3 Qd8
15. f4 exf4 16. Rxf4 Nd4 17. Qd2 c6 18. Raf1 Ne6 19. Rf5 Ng5 20. Rxc5 Qe7 21.
d4 f6 22. Ra5 b6 23. Ra3 Rfe8 24. h4 Nf7 25. e4 Qb4 26. Rc1 Qd6 27. Ne2 f5 28.
Re3 fxe4 29. Nc3 Rad8 30. Nxe4 Qg6 31. Rce1 Rf8 32. c5 bxc5 33. Nxc5 Bc8 34.
Qd3 Qd6 35. Ne6 Bxe6 36. Rxe6 Qxd4+ 37. Qxd4 Rxd4 38. Rxc6 a5 39. Rc7 Nd6 40.
Rc5 a4 41. Rd5 Rxd5 42. Bxd5+ Kh7 43. Re6 Rf6 44. Rxf6 gxf6 45. h5 Kg7 46. Kf2
f5 47. Kf3 Kf6 48. Kf4 Nc8 49. a3 Nb6 50. Ba2 Nd7 51. Bb1 Ne5 52. Bc2 Nc4 53.
Bxa4 Nxb2 54. Bc2 Nc4 55. a4 Nb6 56. Bb3 Nc8 57. a5 Na7 58. a6 Nb5 59. Bc2 Ke6
60. Bxf5+ Kd6 61. Bd3 Kc7 62. Bxb5 1-0

[Event "Saint-Lô Open Yves Coquereau"]
[Site "?"]
[Date "2014.07.09"]
[Round "5.7"]
[White "Smith, Matthieu"]
[Black "Ledoux, Jean-Luc"]
[Result "1/2-1/2"]
[WhiteElo "2159"]
[BlackElo "2047"]
[PlyCount "87"]
[EventDate "2014.07.05"]
[SourceDate "2014.07.06"]

1. d4 Nf6 2. g3 g6 3. Bg2 Bg7 4. Nf3 O-O 5. O-O d6 6. c4 Nc6 7. Nc3 Bf5 8. d5
Na5 9. Nd2 c5 10. h3 Bd7 11. e4 Ne8 12. Qe2 Rb8 13. Kh2 Nc7 14. f4 b5 15. e5
Nxc4 16. Nxc4 bxc4 17. Qxc4 Qc8 18. Re1 Rb4 19. Qe2 Bb5 20. Qf2 Bd3 21. Qe3 Qa6
22. Rd1 c4 23. Re1 Rbb8 24. Qf2 Rbd8 25. exd6 Qxd6 26. Qxa7 Rd7 27. Qf2 Bxc3
28. bxc3 Nxd5 29. Qd4 e6 30. f5 Re8 31. fxe6 Rxe6 32. Bh6 Nf6 33. Qh4 Rde7 34.
Rxe6 Rxe6 35. Bf4 Qb6 36. Bg5 Ne4 37. Bh6 Nxc3 38. a4 Re2 39. Rg1 Nxa4 40. Qg4
Qe6 41. Qd4 Qe5 42. Qd8+ Qe8 43. Qf6 Qe5 44. Qd8+ 1/2-1/2

[Event "Saint-Lô Open Yves Coquereau"]
[Site "?"]
[Date "2014.07.09"]
[Round "5.8"]
[White "Vitalyos, Marton"]
[Black "Bizovi, Mihail"]
[Result "0-1"]
[WhiteElo "2046"]
[BlackElo "2157"]
[PlyCount "82"]
[EventDate "2014.07.05"]
[SourceDate "2014.07.06"]

1. Nf3 e6 2. d4 f5 3. g3 Nf6 4. Bg2 c6 5. O-O d5 6. b3 Bd6 7. Nbd2 O-O 8. Ne5
Nbd7 9. Nd3 e5 10. dxe5 Nxe5 11. Bb2 Ng6 12. Bd4 f4 13. e4 dxe4 14. Bxf6 Rxf6
15. Nxe4 Rf8 16. Nxd6 Qxd6 17. Nxf4 Qxd1 18. Raxd1 Nxf4 19. gxf4 Bg4 20. f3 Bf5
21. Rfe1 Kf7 22. Bf1 Rad8 23. Bc4+ Kf6 24. Bd3 Bxd3 25. Rxd3 Rxd3 26. cxd3 Rd8
27. Re3 Rd4 28. Kf2 Rxf4 29. Re4 Rf5 30. Rd4 Ke6 31. Rh4 h6 32. Rg4 g5 33. Ke3
Re5+ 34. Re4 c5 35. f4 Rxe4+ 36. Kxe4 gxf4 37. Kxf4 Kd5 38. h4 Kd4 39. Kf5 Kxd3
40. Kg6 b5 41. Kxh6 c4 0-1

[Event "Saint-Lô Open Yves Coquereau"]
[Site "?"]
[Date "2014.07.09"]
[Round "5.9"]
[White "Maçon, Arthur"]
[Black "Auvray, Juliette"]
[Result "1-0"]
[WhiteElo "2154"]
[BlackElo "2018"]
[PlyCount "55"]
[EventDate "2014.07.05"]
[SourceDate "2014.07.06"]

1. d4 Nf6 2. c4 c5 3. d5 b5 4. cxb5 a6 5. bxa6 g6 6. Nc3 Bxa6 7. Nf3 Bg7 8. g3
O-O 9. Bg2 d6 10. Rb1 Nbd7 11. O-O Nb6 12. Ne1 Bc4 13. b3 Ba6 14. Bb2 Qd7 15.
Nc2 Rfb8 16. Re1 Ng4 17. h3 Nf6 18. e4 Nh5 19. Kh2 Rf8 20. f4 Qa7 21. Qd2 Nd7
22. Bf3 f5 23. exf5 Rae8 24. fxg6 hxg6 25. Qe3 Bh6 26. Bxh5 gxh5 27. Qe6+ Kh7
28. Qe4+ 1-0

[Event "Saint-Lô Open Yves Coquereau"]
[Site "?"]
[Date "2014.07.09"]
[Round "5.10"]
[White "Van Wielle, Kurt"]
[Black "Nuta, Dan"]
[Result "0-1"]
[WhiteElo "1886"]
[BlackElo "2150"]
[PlyCount "54"]
[EventDate "2014.07.05"]
[SourceDate "2014.07.06"]

1. e4 c5 2. Nc3 a6 3. g3 b5 4. d3 Bb7 5. Bg2 e6 6. Nge2 b4 7. Nb1 d5 8. Nd2 Nf6
9. O-O Be7 10. c3 a5 11. e5 Ng4 12. d4 cxd4 13. cxd4 h5 14. Nf4 g6 15. Re1 Qb6
16. Nf1 Nc6 17. h3 Nh6 18. Bxd5 exd5 19. Nxd5 Qd8 20. Nxe7 Nxe7 21. Bxh6 Qd5
22. f3 Rxh6 23. Nh2 Nf5 24. Qc1 Rc8 25. Qg5 Qxd4+ 26. Kh1 Rc2 27. Rad1 Rxh2+
0-1

[Event "Saint-Lô Open Yves Coquereau"]
[Site "?"]
[Date "2014.07.10"]
[Round "6.1"]
[White "Miron, Lucian Costin"]
[Black "Poley, Vladimir"]
[Result "1-0"]
[WhiteElo "2509"]
[BlackElo "2279"]
[PlyCount "81"]
[EventDate "2014.07.05"]
[SourceDate "2014.07.06"]

1. d4 g6 2. c4 Bg7 3. Nc3 Nf6 4. Nf3 c6 5. e4 O-O 6. Be2 d5 7. e5 Ne4 8. O-O
Bg4 9. h3 Bxf3 10. Bxf3 Nxc3 11. bxc3 dxc4 12. Qe2 Nd7 13. Qxc4 Rc8 14. e6 Nb6
15. exf7+ Rxf7 16. Qb3 c5 17. Bg4 c4 18. Qa3 Rc6 19. Qxa7 e5 20. dxe5 Bxe5 21.
Rd1 Qc7 22. Be3 h5 23. Bf3 Nc8 24. Qa3 Bh2+ 25. Kh1 Rxf3 26. gxf3 Bd6 27. Qb2
Qf7 28. Kg2 Rc7 29. Qb5 Qf6 30. Qe8+ Bf8 31. Qe4 Nd6 32. Qd5+ Rf7 33. Bd4 Qf4
34. Be3 Qf6 35. Bd4 Qf4 36. Be5 Qg5+ 37. Kf1 Qf5 38. Bxd6 Qxh3+ 39. Kg1 Bxd6
40. Qxd6 Rf5 41. Qxg6+ 1-0

[Event "Saint-Lô Open Yves Coquereau"]
[Site "?"]
[Date "2014.07.10"]
[Round "6.2"]
[White "Tsyhanchuk, Stanislav"]
[Black "Sieciechowicz, Marcin"]
[Result "1/2-1/2"]
[WhiteElo "2382"]
[BlackElo "2438"]
[PlyCount "39"]
[EventDate "2014.07.05"]
[SourceDate "2014.07.06"]

1. Nf3 Nf6 2. c4 g6 3. b4 Bg7 4. Bb2 O-O 5. e3 d5 6. cxd5 Nxd5 7. Bxg7 Kxg7 8.
Qc1 Qd6 9. a3 e5 10. Nc3 Nxc3 11. Qxc3 f6 12. Rc1 c6 13. d4 e4 14. Nd2 f5 15.
Be2 Kg8 16. h4 Be6 17. h5 Bd5 18. Nc4 Qe6 19. hxg6 hxg6 20. Nd2 1/2-1/2

[Event "Saint-Lô Open Yves Coquereau"]
[Site "?"]
[Date "2014.07.10"]
[Round "6.3"]
[White "Nuta, Dan"]
[Black "Bakalerz, Mietek"]
[Result "0-1"]
[WhiteElo "2150"]
[BlackElo "2329"]
[PlyCount "100"]
[EventDate "2014.07.05"]
[SourceDate "2014.07.06"]

1. e4 e5 2. Nf3 Nf6 3. Nc3 Nc6 4. d4 exd4 5. Nxd4 Bb4 6. Nxc6 bxc6 7. Bd3 d5 8.
e5 Ng4 9. Bf4 f6 10. e6 Bxe6 11. h3 Ne5 12. Bxe5 fxe5 13. Qh5+ Bf7 14. Qxe5+
Qe7 15. Qxe7+ Kxe7 16. O-O Bxc3 17. bxc3 c5 18. Rfe1+ Kd6 19. c4 c6 20. Rad1
Rhe8 21. Rxe8 Rxe8 22. cxd5 cxd5 23. c3 Rb8 24. Rb1 Rxb1+ 25. Bxb1 h6 26. f4 d4
27. cxd4 cxd4 28. Kf2 Kc5 29. a3 Bc4 30. g4 Bb5 31. Ba2 Bc4 32. Bb1 g5 33. f5
Kd6 34. Ke1 Ke5 35. Kd2 Bf1 36. Bd3 Bxh3 37. Be2 Bg2 38. Kd3 Bb7 39. Kd2 a5 40.
Bd1 Be4 41. Be2 h5 42. gxh5 Kxf5 43. Bd3 Bxd3 44. Kxd3 g4 45. Kxd4 Kg5 46. Ke3
Kxh5 47. Kf2 a4 48. Kg2 Kg5 49. Kg3 Kf5 50. Kf2 Ke4 0-1

[Event "Saint-Lô Open Yves Coquereau"]
[Site "Saint-Lô"]
[Date "2014.07.10"]
[Round "6.4"]
[White "Zarubitski, Viacheslau"]
[Black "Bourdonnais, Loïc"]
[Result "1/2-1/2"]
[WhiteElo "1981"]
[BlackElo "2222"]
[PlyCount "84"]
[EventDate "2014.07.05"]
[SourceDate "2014.07.06"]

1. Nf3 g6 2. c4 Bg7 3. g3 c5 4. Bg2 Nc6 5. Nc3 e5 6. O-O d6 7. d3 Nge7 8. Rb1
O-O 9. Ne1 f5 10. Nc2 a5 11. a3 Kh8 12. b4 axb4 13. axb4 cxb4 14. Nd5 Nxd5 15.
Bxd5 f4 16. Nxb4 Bh3 17. Nxc6 bxc6 18. Bxc6 Bxf1 19. Bxa8 Bxe2 20. Qxe2 Qxa8
21. gxf4 exf4 22. Bb2 Rf5 23. Bxg7+ Kxg7 24. Qe7+ Kh6 25. Qh4+ Rh5 26. Qxf4+
Rg5+ 27. Kf1 Qh1+ 28. Ke2 Qxb1 29. h4 Qc2+ 30. Ke1 Qc3+ 31. Kd1 Qxd3+ 32. Ke1
Qc3+ 33. Kd1 Qa1+ 34. Kc2 Qa4+ 35. Kc3 Qa3+ 36. Kc2 Qa2+ 37. Kc3 Qa1+ 38. Kb3
Qd1+ 39. Kc3 Qe1+ 40. Kb3 Qb1+ 41. Kc3 Qa1+ 42. Kb3 Qb1+ 1/2-1/2